000 00246nam a2200085Ia 4500
245 0 _aAll you wanted to know about headache
100 _a Ramaiah, Savitri New Delhi, 2009
_9116311
942 _cBK
008 210825s9999 xx 000 0 und d
999 _c576884
_d576883